书目信息 |
| 题名: |
湛江市水环境容量分析与应用研究
|
|
| 作者: | 关卉 主编 ;李一平 编写 | |
| 分册: | ||
| 出版信息: | 北京 中国环境科学出版社 2005 |
|
| 页数: | 185页 | |
| 开本: | 21cm | |
| 丛书名: | ||
| 单 册: | ||
| 中图分类: | X143 | |
| 科图分类: | ||
| 主题词: | 水环境--环境容量--研究--湛江市 , 水环境 , 环境容量 | |
| 电子资源: | ||
| ISBN: | 7-80209-033-4 | |
| 000 | 00978nam0 2200277 450 | |
| 001 | 002857945 | |
| 005 | 20070807164456.73 | |
| 010 | @a7-80209-033-4@dCNY18.00 | |
| 035 | @a002857945 | |
| 100 | @a20050221d2005 em y0chiy0110 ea | |
| 101 | 0 | @achi |
| 102 | @aCN@b110000 | |
| 105 | @ay z 000yy | |
| 106 | @ar | |
| 200 | 1 | @a湛江市水环境容量分析与应用研究@Azhan jiang shi shui huan jing rong liang fen xi yu ying yong yan jiu@f关卉主编@Fguan hui zhu bian@g李一平等编写@Gli yi ping deng bian xie |
| 210 | @a北京@c中国环境科学出版社@d2005 | |
| 215 | @a185页@d21cm | |
| 330 | @a本书共分七章:总论、湛江市自然概况、污染源现状调查与评价、水环境质量评价及趋势分析、水文设计条件计算、水环境容量计算、结论。 | |
| 606 | 0 | @a水环境@x环境容量@x研究@y湛江市 |
| 606 | 0 | @a水环境 |
| 606 | 0 | @a环境容量 |
| 690 | @aX143@v4 | |
| 701 | 0 | @a关卉@Aguan hui@c(环境规划)@4主编 |
| 702 | 0 | @a李一平@Ali yi ping@c(环境科学)@4编写 |
| 801 | 0 | @aCN@bNLC@c20070807 |
| 905 | @dX143@e174@f2 | |
| 湛江市水环境容量分析与应用研究/关卉主编/李一平等编写.-北京:中国环境科学出版社,2005 |
| 185页;21cm |
| ISBN 7-80209-033-4:CNY18.00 |
| 本书共分七章:总论、湛江市自然概况、污染源现状调查与评价、水环境质量评价及趋势分析、水文设计条件计算、水环境容量计算、结论。 |
| ● |
| 相关链接 |
|
|
|
|
正题名:湛江市水环境容量分析与应用研究
索取号:X143/174
 
预约/预借
| 序号 | 登录号 | 条形码 | 馆藏地/架位号 | 状态 | 备注 |
| 1 | 0853874 | 208538741 | 第二样本阅览室/ [索取号:X143/174] | 在馆 | |
| 2 | 0853875 | 208538750 | 第三借阅区/ [索取号:X143/174] | 在馆 |